|
|
|
|
| LEADER |
00000nas a2200000 a 4500 |
| 001 |
ssj0066798 |
| 003 |
WaSeSS |
| 005 |
20200512172242.0 |
| 006 |
m d |
| 007 |
cr n |
| 008 |
090319c20089999enkqr p s 0 a0eng c |
| 010 |
|
|
|a 2009247537
|
| 015 |
|
|
|a GBB3B4986
|2 bnb
|
| 022 |
|
|
|a 2042-8774
|y 1757-8043
|
| 035 |
|
|
|a (WaSeSS)ssj0066798
|
| 040 |
|
|
|a BUF
|b eng
|e pn
|c BUF
|d BUF
|d OCLCQ
|d OCLCF
|d OCLCO
|d OCLCQ
|d DLC
|d OCLCQ
|d UKBOL
|d NLE
|d WaSeSS
|
| 042 |
|
|
|a pcc
|
| 043 |
|
|
|a e-uk---
|
| 050 |
0 |
0 |
|a HV7431
|
| 245 |
0 |
0 |
|a Safer communities
|h [electronic resource].
|
| 260 |
|
|
|3 2008- :
|a Brighton :
|b Pavilion,
|c 2008-
|
| 260 |
3 |
|
|3 <2015-> :
|a Bingley :
|b Emerald Group Publishing
|
| 310 |
|
|
|a Quarterly
|
| 362 |
1 |
|
|a Began with vol. 7, issue 3 (July 2008).
|
| 506 |
|
|
|a License restrictions may limit access.
|
| 588 |
|
|
|a Description based on: Vol. 7, issue 3 (July 2008); title from PDF running title (EBSCOhost, viewed Mar. 19, 2009).
|
| 588 |
|
|
|a Latest issue consulted: Vol. 16, issue 1 (2017) (Emerald Insight website, viewed Mar. 3, 2017).
|
| 650 |
|
0 |
|a Crime prevention
|z Great Britain
|v Periodicals.
|
| 650 |
|
7 |
|a Crime prevention.
|2 fast
|0 (OCoLC)fst00883055
|
| 651 |
|
7 |
|a Great Britain.
|2 fast
|0 (OCoLC)fst01204623
|
| 653 |
|
|
|a Health & Social Care
|
| 655 |
|
0 |
|a Electronic journals.
|
| 710 |
2 |
|
|a Emerald Group Publishing.
|
| 776 |
0 |
8 |
|i Print version:
|t Safer communities
|x 1757-8043
|w (OCoLC)259735173
|
| 780 |
0 |
0 |
|t Community safety journal (Online)
|w (DLC) 2009247538
|w (OCoLC)61311517
|
| 850 |
|
|
|a DLC
|
| 856 |
4 |
0 |
|z Full text available from Research Library: 07/01/2008 to 1 year ago
|u https://search.proquest.com/publication/51813
|